000 00343nam a2200121 i 4500
001 bg
245 0 _aIssledovanie processov teplobmena i polucenii monokristalov poluprovodnikov i lucisto - konvektivnogo teplobmena.
260 _aMoskva,
_c1970.
040 _cBPK
041 _apol
942 _cKS
008 s pl f |000 0 pol
999 _c14018
_d14018
856 _uhttp://koha.tu.koszalin.pl/cgi-bin/koha/opac-detail.pl?biblionumber=14018
_yKatalog online BPK